Zombie- maitre Gims paroles - Statistics

General Stats
  • This quiz has been taken 310 times
  • The average score is 211 of 307
Answer Stats
Answer % Correct
Ma
93%
ma
93%
un
89%
me
88%
raison
86%
je
85%
mon
85%
se
85%
à
84%
de
84%
zombie
82%
le
81%
conscience
80%
esprit
79%
par
79%
stop,
79%
suis
78%
te
78%
tu
78%
des
77%
là,
77%
mais
77%
s’envoler
77%
veut
77%
Veut
77%
subconscient
76%
parano
74%
manipulé
73%
que
73%
tes
73%
t’es
73%
T’es
73%
autre
72%
n’es
72%
ta
71%
l’ombre
68%
qui
67%
les
66%
chaînes
64%
conseillait
63%
fil
62%
liens,
60%
pas
60%
tisse
60%
ces
59%
désirs
59%
mots
59%
vie,
59%
retire
58%
si
58%
toi-même
58%
déchire
57%
m’déconseillait
57%
perds
57%
somnolait
57%
comment
56%
dans
56%
fait
56%
gens
56%
disent :
55%
j’en
55%
vivre”
55%
vivre ?
55%
peu
54%
quoi
54%
somnolait
54%
tomber
54%
faire
53%
”l’espoir
53%
repense
53%
parles ?
51%
tout
49%
défies
47%
rose
47%
est
46%
freinent,
46%
freinent
46%
laisse-toi
46%
l’vide
46%
mâche
46%
n’est
46%
ses
46%
différent
45%
réalises
45%
autres
44%
monde
44%
bâtis
43%
croire
41%
noir
40%
tard
40%
trop
39%
brouillard
38%
construis
36%
mômes
34%
perdu
34%
défauts
33%
t’laisse
32%
chacun
31%
fautes
31%
t’as
31%
commis
30%
choses
25%
calme
20%
No matching quizzes found
Score Distribution
Percent of People with Each Score
Percentile by Number Answered
Your Score History
You have not taken this quiz